Canadian Provinces Or Territories Without Letter O - Statistics

General Stats
  • This quiz has been taken 20 times
  • The average score is 5 of 6
Answer Stats
Answer % Correct
Quebec
100%
Alberta
93%
Prince Edward Island
93%
New Brunswick
87%
Nunavut
87%
Saskatchewan
87%
No matching quizzes found
Score Distribution
Percent of People with Each Score
Percentile by Number Answered
Your Score History
You have not taken this quiz